3001 questions in electronics engineering / (Record no. 5850)

MARC details
000 -LEADER
fixed length control field 00666nam a22001937a 4500
003 - CONTROL NUMBER IDENTIFIER
control field OSt
005 - DATE AND TIME OF LATEST TRANSACTION
control field 20251120095640.0
008 - FIXED-LENGTH DATA ELEMENTS--GENERAL INFORMATION
fixed length control field 251120b |||||||| |||| 00| 0 eng d
020 ## - INTERNATIONAL STANDARD BOOK NUMBER
International Standard Book Number 971-92903-4-X.
040 ## - CATALOGING SOURCE
Original cataloging agency DWCL-Main lib.
Transcribing agency OC
082 ## - DEWEY DECIMAL CLASSIFICATION NUMBER
Classification number Fil. 621.381 T531 2008
110 ## - MAIN ENTRY--CORPORATE NAME
Corporate name or jurisdiction name as entry element Excel Academic Council
245 ## - TITLE STATEMENT
Title 3001 questions in electronics engineering /
Statement of responsibility, etc. Excel Academic Council
260 ## - PUBLICATION, DISTRIBUTION, ETC.
Place of publication, distribution, etc. [S. l.]:
Name of publisher, distributor, etc. First Benchmark Pub., Inc.,
Date of publication, distribution, etc. c2008.
300 ## - PHYSICAL DESCRIPTION
Extent 494 p. : ill. ;
Dimensions 22 cm.
650 ## - SUBJECT ADDED ENTRY--TOPICAL TERM
Topical term or geographic name entry element 1. Electronic engineering-Examinations, questions, etc.
650 ## - SUBJECT ADDED ENTRY--TOPICAL TERM
Topical term or geographic name entry element 2. Electronic engineering-Problems, exercises, etc.
942 ## - ADDED ENTRY ELEMENTS (KOHA)
Source of classification or shelving scheme Dewey Decimal Classification
Koha item type Book-Filipiniana
Call number prefix Fil.
Suppress in OPAC No
952 ## - LOCATION AND ITEM INFORMATION (KOHA)
--
Holdings
Withdrawn status Lost status Source of classification or shelving scheme Damaged status Not for loan Home library Current library Shelving location Date acquired Source of acquisition Coded location qualifier Cost, normal purchase price Total Checkouts Full call number Barcode Date last seen Copy number Price effective from Koha item type Uniform Resource Identifier
    Dewey Decimal Classification     College Library College Library Filipiniana 06/21/2011 School Fund 400.00 400.00   Fil. 621.381 T531 2008 48438 11/20/2025 c2 11/20/2025 BK - FIL